The Marketing Review / (Record no. 14066)
[ view plain ]
| 000 -LEADER | |
|---|---|
| fixed length control field | 01047cas a2200289 a 4500 |
| 001 - CONTROL NUMBER | |
| control field | 12621156 |
| 005 - DATE AND TIME OF LATEST TRANSACTION | |
| control field | 20100409062854.0 |
| 008 - FIXED-LENGTH DATA ELEMENTS--GENERAL INFORMATION | |
| fixed length control field | 011214c2007stkqr p| 00| 0 eng d |
| 010 ## - LIBRARY OF CONGRESS CONTROL NUMBER | |
| LC control number | 2001248007 |
| 022 ## - INTERNATIONAL STANDARD SERIAL NUMBER | |
| International Standard Serial Number | 1469-347X |
| 035 ## - SYSTEM CONTROL NUMBER | |
| System control number | (OCoLC)ocm45695815 |
| 040 ## - CATALOGING SOURCE | |
| Original cataloging agency | NN |
| Transcribing agency | NN |
| Modifying agency | DLC |
| -- | OCoLC |
| 042 ## - AUTHENTICATION CODE | |
| Authentication code | pcc |
| 050 00 - LIBRARY OF CONGRESS CALL NUMBER | |
| Classification number | HF5415.2 |
| Item number | .M35845 |
| 082 04 - DEWEY DECIMAL CLASSIFICATION NUMBER | |
| Edition number | 21 |
| Classification number | 658.8005 |
| Item number | MAR |
| 130 0# - MAIN ENTRY--UNIFORM TITLE | |
| Uniform title | Marketing review (Helensburgh, Scotland) |
| 9 (RLIN) | 14639 |
| 245 04 - TITLE STATEMENT | |
| Title | The Marketing Review / |
| 260 ## - PUBLICATION, DISTRIBUTION, ETC. (IMPRINT) | |
| Place of publication, distribution, etc | Helensburgh, Scotland : |
| Name of publisher, distributor, etc | Westburn Publishers, |
| Date of publication, distribution, etc | c2007 |
| 300 ## - PHYSICAL DESCRIPTION | |
| Extent | v, 311- 400p. : |
| Other physical details | ill.; |
| Dimensions | 25 cm. |
| 310 ## - CURRENT PUBLICATION FREQUENCY | |
| Current publication frequency | Quarterly |
| 362 0# - DATES OF PUBLICATION AND/OR SEQUENTIAL DESIGNATION | |
| Dates of publication and/or sequential designation | vol. 7, issue 4, (Winter 2007)- |
| 650 #0 - SUBJECT ADDED ENTRY--TOPICAL TERM | |
| Topical term or geographic name as entry element | Marketing research |
| Form subdivision | Periodicals. |
| 9 (RLIN) | 14640 |
| 942 ## - ADDED ENTRY ELEMENTS (KOHA) | |
| Source of classification or shelving scheme | Dewey Decimal Classification |
| Item type | Book - Borrowing |
| Withdrawn status | Item status | Source of classification or shelving scheme | Damaged status | Not for loan | Vendor | Home library | Current library | Shelving location | Date acquired | Source of acquisition | Total Checkouts | Full call number | Barcode | Date last seen | Koha item type |
|---|---|---|---|---|---|---|---|---|---|---|---|---|---|---|---|
| Dewey Decimal Classification | Central Library | Central Library | First floor | 09/06/2010 | 658.8005 MAR | 000012172 | 15/07/2025 | Book - Borrowing |